| 000 | nam a22 7a 4500 | ||
|---|---|---|---|
| 999 |
_c128560 _d128560 |
||
| 008 | 181114b xxu||||| |||| 00| 0 eng d | ||
| 050 |
_aBX870.A3 _bE56 2005 |
||
| 100 |
_aBenedict xvi _95491 |
||
| 245 |
_aMessage of his holiness: _bfor the celebration of the world day peace _c\by Pope Benedict xvi. |
||
| 260 |
_aVatican city: _bLibreria editrice vaticana, _c2011. |
||
| 300 |
_ap.; _c22cm. |
||
| 942 |
_2lcc _cMONOGRAPH |
||